000 00834nam a2200229 a 4500
001 000022655
005 20240305135410.0
008 101014s1997 es 001 0 spa d
020 _a8423988252
040 _aDO-SdBNP
_bspa
_cBNPHU
082 _axxxx
_bG216c
100 1 _aGarcía Márquez, Gabriel,
_b1928-2014
_91804
245 1 0 _aCien años de soledad ;
_bEl otoño del patriarca ; El coronel no tiene quien le escribe /
_cGabriel García Márquez.
260 _aMadrid, :
_bEditorial Espasa Calpe,
_c1997.
_fHuertas
300 _a637 p. ;
_c22 cm.
490 1 _aAntología de la literatura universal
563 _aVarias obras empaginadas en páginas continua
740 2 _aEl otoño del patriarca
740 2 _aEl coronel no tiene quien le escribe
830 0 _aAntología de la literatura universa
_946616
049 _aBNPD
999 _c22152
_d22152